| 000 | 01896cam a22003738i 4500 | ||
|---|---|---|---|
| 001 | 22093798 | ||
| 003 | NUST | ||
| 005 | 20240605090908.0 | ||
| 008 | 210621s2022 enk b 001 0 eng | ||
| 010 | _a 2021025457 | ||
| 020 |
_a9781138859043 _q(paperback) |
||
| 038 | _aMalang jan | ||
| 040 |
_aDLC _beng _erda _cDLC |
||
| 042 | _apcc | ||
| 050 | 0 | 0 |
_aNA2500 _b.T7325 2022 |
| 082 | 0 | 0 |
_a720.1 _223 |
| 100 | 1 |
_aTrubiano, Franca, _eauthor. _9123230 |
|
| 245 | 1 | 0 |
_aBuilding theories : _barchitecture as the art of building / _cFranca Trubiano. |
| 263 | _a2112 | ||
| 264 | 1 |
_aAbingdon, Oxon ; _aNew York : _bRoutledge, _c2022. |
|
| 300 |
_a632p.: _bill; _c23cm. |
||
| 336 |
_atext _btxt _2rdacontent |
||
| 337 |
_aunmediated _bn _2rdamedia |
||
| 338 |
_avolume _bnc _2rdacarrier |
||
| 504 | _aIncludes bibliographical references and index. | ||
| 520 |
_a"This book explores significant and timely topics for both the design and construction of contemporary architecture by challenging its very practice of theory. It proposes an alternative definition of architectural theory; one that is able and willing to confront the many contradictions now faced by designers, architects, engineers, and builders who negotiate often overwhelming technological imperatives. It valorises the, as yet, untapped potential of thinking through building, preparing the foundations for a critical return to the art of making that is architecture"-- _cProvided by publisher. |
||
| 650 | 0 |
_aArchitecture _xPhilosophy. |
|
| 650 | 0 | _aBuilding. | |
| 776 | 0 | 8 |
_iOnline version: _aTrubiano, Franca. _tBuilding theories _dAbingdon, Oxon ; New York : Routledge, 2022 _z9781315717555 _w(DLC) 2021025458 |
| 906 |
_a7 _bcbc _corignew _d1 _eecip _f20 _gy-gencatlg |
||
| 942 |
_2ddc _cBK |
||
| 999 |
_c609484 _d609484 |
||